| 000 | 00790nam a2200253Ia 4500 | ||
|---|---|---|---|
| 003 | OSt | ||
| 005 | 20220918171209.0 | ||
| 006 | a|||||r|||| 00| 0 | ||
| 007 | ta | ||
| 008 | 220917b |||||||| |||| 00| 0 eng d | ||
| 020 |
_a9781408176528 (pbk) _c2040.98 |
||
| 024 | _a280,778 | ||
| 037 |
_b40639, 20/03/2014, Segment Book Distributors _cTextual |
||
| 040 |
_aARTS _cARTS _beng |
||
| 041 |
_2eng _aeng |
||
| 082 | _aO111,2x, Q4 | ||
| 100 |
_aForsyth Alson Ed. _934694 |
||
| 245 | 0 | _aMethuen drama anthology of testimonial plays | |
| 260 |
_aLondon _bBloomsbury UK _c2014 |
||
| 300 |
_avi,332p. _ccm. |
||
| 650 | _aENGLISH LITERATURE | ||
| 942 |
_hO111,2x, Q4 _cTEXL _2CC |
||
| 999 |
_c138274 _d138274 |
||